ნორმალური ფორმატი
MARC ფორმატი
ჩანაწერი Personal Name
ჩანაწერთა რაოდენობა, რომელიც გამოყენებულია: 1
001 - CONTROL NUMBER
- control field: 19977
003 - CONTROL NUMBER IDENTIFIER
- control field: GE_BSU
005 - DATE AND TIME OF LATEST TRANSACTION
- control field: 20231003105221.0
008 - FIXED-LENGTH DATA ELEMENTS
- fixed length control field: 231003|| aca||aabn | a|a d
040 ## - CATALOGING SOURCE
- Original cataloging agency: GE_BSU
- Transcribing agency: GE_BSU
100 ## - HEADING--PERSONAL NAME
- Personal name: გაგუა, თეა
670 ## - SOURCE DATA FOUND
- Source citation: Work cat.: (GE_BSU): გაგუა, თეა, რუსეთის იმპერიის სოციალურ-ეკონომიკური პოლიტიკა ქუთაისის გუბერნიაში 1846-1917 წლებში (საბანკო-საფინანსო საქმის ისტორიიდან) :
